000 00716nam a22002297a 4500
999 _c10531
_d10531
003 AR-CdUCM
008 190401b ||||| |||| 00| 0 spa d
040 _aMUNICIPALIDAD PROVINCIAL DEL CUSCO
_cBIBLIOTECA MUNICIPAL DEL CUSCO
041 _heng
082 _a428.246 /
_bP19 / 1873
100 _aPalenzuela, Ramon
_927456
245 _aMetodo para aprender รก leer, escribir y hablar :
_bEl Ingles /
260 _aNew York :
_bD. Appleton and company,
_c1873.
300 _a111 paginas ;
_c19 cm.
500 _aLibro completamente en el idioma ingles
650 _aIngles
_97365
650 _aLeer
_927457
650 _aEscribir
_916563
650 _aAprendizaje
_92143
942 _2ddc
_cLIBROS
945 _apjha